Humanitas, revista de la Facultad de Filosofía y Letras /
El contenido de este volumen es el siguiente: Presencia de Aristóteles en la lógica moderna, Advenimiento del superhombre, Enrique Larreta, Reflexiones filosóficas sobre la unidad cultural de Sudamérica, Una urna ídolo del Museo de Prehistoria de Tucumán, La autenticidad existencial, Maquiavelo y la...
Gardado en:
| Outros autores: | |
|---|---|
| Formato: | Libro |
| Idioma: | Lingua castelá |
| Temas: | |
| Etiquetas: |
Sen Etiquetas, Sexa o primeiro en etiquetar este rexistro!
|
MARC
| LEADER | 00000nam^a2200000^a^4500 | ||
|---|---|---|---|
| 001 | 000134881 | ||
| 005 | 20250521000000.0 | ||
| 009 | 20260310095222.267 | ||
| 037 | |a Acervo ITESO - Biblioteca | ||
| 041 | |a ESP | ||
| 082 | |a 105. |b LET 1961 V. 14 | ||
| 240 | 1 | 1 | |a [Humanitas, revista de la Facultad de Filosofía y Letras] |
| 245 | 0 | 0 | |a Humanitas, revista de la Facultad de Filosofía y Letras / |c Dir. de A. García Astrada. |
| 264 | |a Tucumán, Argentina : |b Universidad Nacional de Tucumán, Facultad de Filosofía y Letras, |c 1961 | ||
| 300 | |a 300 p. | ||
| 336 | |a texto |b txt |2 rdacontenido | ||
| 337 | |a sin mediación |b n |2 rdamedio | ||
| 338 | |a volumen |b nc |2 rdasoporte | ||
| 520 | |a El contenido de este volumen es el siguiente: Presencia de Aristóteles en la lógica moderna, Advenimiento del superhombre, Enrique Larreta, Reflexiones filosóficas sobre la unidad cultural de Sudamérica, Una urna ídolo del Museo de Prehistoria de Tucumán, La autenticidad existencial, Maquiavelo y la estructura sociológica del estado moderno, El amor, la muerte y el más allá a través de la epopeya de Gilgamezh, Perenidad y transitoriedad en el simbolismo histórico, Los valores en Max Scheler y el romanticismo, Una fecha olvidada: 13-02-1813, El ejemplo de Albert Camus y El día de los muertos. | ||
| 649 | |a XX | ||
| 650 | |a Filosofía - |x Publicaciones Periódicas Argentinas | ||
| 650 | |a Lógica | ||
| 650 | |a Ansiedad | ||
| 650 | |a Hombre | ||
| 650 | |a Antropología Filosófica | ||
| 650 | |a Vitalismo | ||
| 650 | |a Fenomenología | ||
| 650 | |a Filosofía del Siglo XX | ||
| 650 | |a Identidad Cultural - |z América del Sur | ||
| 650 | |a Cerámica Prehispánica | ||
| 650 | |a Cerámica Argentina | ||
| 650 | |a Sociología Política | ||
| 650 | |a Simbolismo | ||
| 650 | |a Romanticismo (Literatura) | ||
| 650 | |a Literatura Argentina - |y Siglo XIX | ||
| 650 | |a Literatura Argentina - |y Siglo XX | ||
| 650 | |a Literatura Argentina - |x Historia y Crítica | ||
| 650 | |a Literatura Cubana - |y Siglo XIX | ||
| 650 | |a Literatura Cubana - |x Historia y Crítica | ||
| 650 | |a Literatura Francesa - |y Siglo XX | ||
| 650 | |a Irak - |x Historia - |y Mesopotamia, 10000 a.C.-637 d.C. | ||
| 650 | |a Argentina - |x Historia - |y Guerra de Independencia, 1810-1818 | ||
| 650 | |a Escritores Argentinos - |x Biografías | ||
| 650 | |a Escritores Franceses | ||
| 650 | |a Camus, Albert | ||
| 700 | |a García Astrada, Arturo |e (dirección) | ||
| 910 | |a Fondo Salvador Reynoso Reynoso | ||
| 920 | |a Impresos - Libros | ||
| 930 | |a Fondos Especiales | ||
| 905 | |a 112 | ||
| 901 | |a 0800013768 |b IT2 |c ESP |u 20250521 | ||
| 902 | |a https://opac.biblio.iteso.mx/vufind/Record/000134881 | ||